00494 a2200121 4500082000600000100001500006245007700021260008200098300004500180500005600225700003400281856005700315 a- aKamran Gul aElectronic car parking systemcKamran Gul, Mahlab Basheer & Ahsan Safdar aIslamabad :bNUST School of Electrical Engineering & Computer Science,c2009. aviii, 73 p. :b ill. ;c27 cm. +eCD-ROM aSupervisors : Mr. Hassan Aqeel, Mr. Mujtaba Haider. aMahlab Basheer & Ahsan Safdar uhttp://10.250.8.41:8080/xmlui/handle/123456789/29511